[Event "Arad op 9th"]
[Site "Arad"]
[Date "2016.08.07"]
[Round "2"]
[White "Zubac, Mihai Paul"]
[Black "Bogdan, Dan"]
[Result "1/2-1/2"]
[WhiteElo "1991"]
[BlackElo "2407"]
[PlyCount "82"]
[EventDate "2016.08.06"]
[EventType "swiss"]
[EventRounds "9"]
[EventCountry "ROU"]
[SourceTitle "CBM 173 Extra"]
[Source "ChessBase"]
[SourceDate "2016.08.29"]
[SourceVersion "1"]
[SourceVersionDate "2016.08.29"]
[SourceQuality "1"]

1. e4 c5 2. Nf3 Nc6 3. d4 cxd4 4. Nxd4 Nf6 5. Nc3 g6 6. Be3 Bg7 7. f3 0-0 8. Qd2 d5 9. 0-0-0 dxe4 10. Nxc6 Qxd2+ 11. Bxd2 bxc6 12. Nxe4 Nxe4 13. fxe4 Bg4 14. Re1 Rfd8 15. b3 Rd7 16. Bc4 Rad8 17. Ba5 Rb8 18. h3 Be6 19. Bxe6 fxe6 20. Rd1 Rdb7 21. c4 Be5 22. Rhf1 Bd6 23. Kc2 Rc8 24. Rf3 Rf8 25. Rdf1 Rxf3 26. Rxf3 e5 27. b4 Kg7 28. Kc3 a6 29. c5 Bb8 30. Bb6 Ba7 31. Bxa7 Rxa7 32. a4 Ra8 33. Kc4 Ra7 34. Rf1 Rd7 35. Kc3 Rd4 36. Rb1 Rxe4 37. b5 axb5 38. axb5 cxb5 39. Rxb5 Re1 40. Kd2 Re4 41. Kc3 Re1 1/2-1/2

[Event "ROM-chT2"]
[Site "Calimanesti"]
[Date "2014.11.15"]
[Round "8.6"]
[White "Zubac, Mihai Paul"]
[Black "Vrencian, Lehel"]
[Result "1-0"]
[WhiteElo "1959"]
[BlackElo "2188"]
[PlyCount "199"]
[EventDate "2014.11.08"]
[EventType "team-tourn"]
[EventRounds "9"]
[EventCountry "ROU"]
[SourceTitle "CBM 163 Extra"]
[Source "ChessBase"]
[SourceDate "2014.12.23"]
[SourceVersion "1"]
[SourceVersionDate "2014.12.23"]
[SourceQuality "1"]
[WhiteTeam "Cluj Napoca"]
[BlackTeam "Brasov CSU"]
[WhiteTeamCountry "ROU"]
[BlackTeamCountry "ROU"]

1. e4 c6 2. Nc3 d5 3. Qf3 d4 4. Bc4 e6 5. Nce2 c5 6. d3 Nc6 7. Bf4 Nge7 8. Qg3 Ng6 9. Bd2 Be7 10. 0-0-0 a6 11. f4 b5 12. Bb3 0-0 13. Nf3 a5 14. a4 Qb6 15. Rdf1 Rb8 16. Kd1 c4 17. dxc4 bxc4 18. Bxc4 Qxb2 19. Bb5 Rxb5 20. axb5 Qxb5 21. Ne1 a4 22. Nc1 Ba6 23. f5 exf5 24. exf5 Bh4 25. Qh3 Bc8 26. Qd3 Qd5 27. fxg6 Bg4+ 28. Nf3 hxg6 29. Ne2 Be7 30. Nf4 Qa2 31. Qb5 Rc8 32. Nd3 Na7 33. Qb2 Qd5 34. Nb4 Qc4 35. Qa2 Qb5 36. h3 Bxf3+ 37. Rxf3 Bxb4 38. Rxf7 Kh8 39. Bxb4 d3 40. Rf8+ Rxf8 41. Bxf8 Qe8 42. cxd3 Qxf8 43. Qxa4 Qb8 44. Re1 Nb5 45. Qh4+ Kg8 46. Qc4+ Kh7 47. Re4 g5 48. Ke2 Nd6 49. Qb4 Qc7 50. Rg4 Qc2+ 51. Qd2 Qc5 52. Qxg5 Nf5 53. Qh5+ Kg8 54. Qe8+ Kh7 55. Qh5+ Kg8 56. Qe8+ Kh7 57. Qe4 g6 58. Qc4 Qe5+ 59. Qe4 Ng3+ 60. Rxg3 Qxg3 61. d4 Qc3 62. d5 Qb2+ 63. Ke3 Qb6+ 64. Kd3 Qb1+ 65. Kd4 Qb2+ 66. Kc5 Qa3+ 67. Kc6 Qa8+ 68. Kd7 Qb7+ 69. Ke6 Qc8+ 70. Kf7 Qd7+ 71. Kf6 Qg7+ 72. Ke6 Qg8+ 73. Kd7 Qa8 74. Qe7+ Kh6 75. Qh4+ Kg7 76. Qe7+ Kh6 77. d6 Qa4+ 78. Kd8 Qa8+ 79. Kc7 Qa7+ 80. Kc6 Qa6+ 81. Kd5 Qd3+ 82. Kc6 Qc4+ 83. Kb6 Qb4+ 84. Ka6 Qc4+ 85. Kb7 Qb5+ 86. Kc8 Qa6+ 87. Kb8 Qb6+ 88. Kc8 Qa6+ 89. Kc7 Qa5+ 90. Kc6 Qc3+ 91. Kd7 Qb4 92. Qe3+ Kh7 93. Qe6 Qc5 94. Ke8 Kh8 95. d7 Qb5 96. g4 Qa4 97. h4 Qb5 98. h5 gxh5 99. g5 h4 100. g6 1-0

[Event "ROM-chT2"]
[Site "Olanesti"]
[Date "2013.10.15"]
[Round "4.6"]
[White "Dragu, Ion"]
[Black "Zubac, Mihai Paul"]
[Result "1-0"]
[WhiteElo "1349"]
[BlackElo "1975"]
[PlyCount "95"]
[EventDate "2013.10.12"]
[EventType "team-tourn"]
[EventRounds "9"]
[EventCountry "ROU"]
[SourceTitle "EXT 2014"]
[Source "ChessBase"]
[SourceDate "2013.11.20"]
[SourceVersion "1"]
[SourceVersionDate "2013.11.20"]
[SourceQuality "1"]
[WhiteTeam "Ramnicu Valcea"]
[BlackTeam "Cluj Napoca"]
[WhiteTeamCountry "ROU"]
[BlackTeamCountry "ROU"]

1. Nf3 c5 2. g3 d5 3. Bg2 Nc6 4. 0-0 e5 5. d3 f5 6. c4 d4 7. e3 Bd6 8. exd4 exd4 9. Re1+ Nge7 10. Bg5 0-0 11. Nbd2 Qc7 12. a3 Ng6 13. Nh4 Nxh4 14. Bxh4 Bd7 15. f4 Rae8 16. Bd5+ Kh8 17. Qf3 Qa5 18. Qf2 Qc7 19. Nf3 h6 20. Qg2 Qc8 21. Ng5 hxg5 22. Bxg5 Be6 23. Qh3+ Kg8 24. Rxe6 Qxe6 25. Qg2 Kh8 26. Bxe6 Rxe6 27. Qd5 Rfe8 28. Rf1 g6 29. h4 a5 30. h5 Kg7 31. hxg6 Rxg6 32. Qxf5 Re2 33. Qg4 Re3 34. Rf3 Re2 35. Qd7+ Kg8 36. Qxb7 Bf8 37. f5 Rxg5 38. Qxc6 Rxb2 39. Qe6+ Kg7 40. f6+ Kh6 41. g4 Rb1+ 42. Kg2 Rb2+ 43. Kg3 a4 44. Rf5 Rxf5 45. Qxf5 Bd6+ 46. Kf3 Rf2+ 47. Kxf2 Bg3+ 48. Ke2 1-0

[Event "ROM-chT2"]
[Site "Olanesti"]
[Date "2013.10.13"]
[Round "2.6"]
[White "Porumb, Alecu"]
[Black "Zubac, Mihai Paul"]
[Result "0-1"]
[WhiteElo "1693"]
[BlackElo "1975"]
[PlyCount "96"]
[EventDate "2013.10.12"]
[EventType "team-tourn"]
[EventRounds "9"]
[EventCountry "ROU"]
[SourceTitle "EXT 2014"]
[Source "ChessBase"]
[SourceDate "2013.11.20"]
[SourceVersion "1"]
[SourceVersionDate "2013.11.20"]
[SourceQuality "1"]
[WhiteTeam "Targoviste University"]
[BlackTeam "Cluj Napoca"]
[WhiteTeamCountry "ROU"]
[BlackTeamCountry "ROU"]

1. e4 c5 2. c4 Nc6 3. Nf3 e6 4. Nc3 a6 5. Be2 g6 6. d4 cxd4 7. Nxd4 Bg7 8. Be3 Nge7 9. Qd2 0-0 10. h4 Re8 11. h5 d5 12. hxg6 hxg6 13. Nxc6 bxc6 14. 0-0-0 Qc7 15. exd5 cxd5 16. Bf3 Qxc4 17. Be2 Qb4 18. f4 Nf5 19. a3 Qb3 20. Bf2 Bb7 21. Qc2 Qxc2+ 22. Kxc2 d4 23. Na2 Bxg2 24. Rhg1 Be4+ 25. Bd3 Rec8+ 26. Kd2 Bxd3 27. Kxd3 Rab8 28. b4 Bh6 29. Rg4 Rb7 30. Rc1 Rbc7 31. Rxc7 Rxc7 32. a4 Kf8 33. Be1 Ke8 34. Bd2 e5 35. b5 axb5 36. axb5 Rc5 37. b6 Rb5 38. Nb4 Rxb6 39. Nd5 Rb2 40. Bb4 Bxf4 41. Nf6+ Kd8 42. Ba5+ Ke7 43. Nd5+ Kd6 44. Nxf4 exf4 45. Rxf4 Kd5 46. Rf1 Rb3+ 47. Kd2 Ke4 48. Re1+ Ne3 0-1

[Event "ROM-chT Div-A"]
[Site "Slanic Moldova"]
[Date "2011.10.06"]
[Round "5"]
[White "Covrig, Ionel"]
[Black "Zubac, Mihai Paul"]
[Result "1/2-1/2"]
[WhiteElo "2002"]
[BlackElo "1992"]
[PlyCount "109"]
[EventDate "2011.10.03"]
[EventType "team-tourn"]
[EventRounds "9"]
[EventCountry "ROU"]
[SourceTitle "CBM 144 Extra"]
[Source "ChessBase"]
[SourceDate "2011.10.28"]
[SourceVersion "1"]
[SourceVersionDate "2011.10.28"]
[SourceQuality "1"]

1. e4 e5 2. Nf3 Nc6 3. Bc4 Bc5 4. c3 d6 5. 0-0 Bg4 6. Qb3 Qd7 7. Ng5 Bh5 8. Nxf7 Na5 9. Qb5 Qxb5 10. Bxb5+ Kxf7 11. b4 c6 12. Bd3 Bb6 13. bxa5 Bxa5 14. f4 Nf6 15. h3 Ke8 16. Na3 b5 17. Nc2 Bg6 18. f5 Bf7 19. Kh2 a6 20. a4 Kd7 21. g4 h6 22. Ne3 Bb6 23. Re1 Rhe8 24. Bc2 Kc7 25. Bb2 Kb7 26. Kg3 Rad8 27. Rad1 d5 28. axb5 axb5 29. exd5 cxd5 30. Bd3 Kc6 31. Nc2 Bc7 32. Kg2 Bd6 33. Ba3 Rb8 34. Rb1 Nd7 35. Bxd6 Kxd6 36. Bxb5 Re7 37. Bxd7 Rxb1 38. Rxb1 Rxd7 39. Rb6+ Kc5 40. Ra6 Kc4 41. Nb4 d4 42. Rc6+ Kb5 43. Rc8 e4 44. Nc6 e3 45. Nxd4+ Rxd4 46. cxd4 exd2 47. Rb8+ Kc6 48. Rb1 Bb3 49. Kf3 d1Q+ 50. Rxd1 Bxd1+ 51. Kf4 Kd6 52. h4 Bb3 53. g5 hxg5+ 54. Kxg5 Kd5 55. Kg6 1/2-1/2

[Event "ROM-ch U16"]
[Site "Voineasa"]
[Date "2010.04.13"]
[Round "8"]
[White "Cordea, David"]
[Black "Zubac, Mihai Paul"]
[Result "1-0"]
[WhiteElo "1935"]
[BlackElo "1916"]
[PlyCount "62"]
[EventDate "2010.04.08"]
[EventType "swiss"]
[EventRounds "9"]
[EventCountry "ROU"]
[SourceTitle "EXT 2020"]
[Source "ChessBase"]
[SourceDate "2019.10.17"]
[SourceVersion "1"]
[SourceVersionDate "2019.10.17"]
[SourceQuality "1"]

1. d4 d5 2. c4 c6 3. Nf3 e6 4. g3 Nf6 5. Bg2 Be7 6. 0-0 0-0 7. Nbd2 Nbd7 8. Qc2 Qc7 9. e4 dxe4 10. Nxe4 Nxe4 11. Qxe4 Nf6 12. Qe2 c5 13. b3 b6 14. Bf4 Bd6 15. Bxd6 Qxd6 16. dxc5 Qxc5 17. Ne5 Rb8 18. b4 Qc7 19. Nc6 Rb7 20. Rfd1 Kh8 21. Rd2 Bd7 22. b5 Bxc6 23. bxc6 Rbb8 24. Rad1 Qe7 25. Qe5 Rbc8 26. a4 Qb4 27. Qb5 Qa3 28. Qa6 Rc7 29. Rd8 Kg8 30. Qb7 Qe7 31. Qb8 Nd7 1-0

[Event "ROM-ch U16"]
[Site "Voineasa"]
[Date "2010.04.08"]
[Round "1"]
[White "Zubac, Mihai Paul"]
[Black "Palamar, Theodor"]
[Result "1-0"]
[WhiteElo "1916"]
[BlackElo "1748"]
[PlyCount "81"]
[EventDate "2010.04.08"]
[EventType "swiss"]
[EventRounds "9"]
[EventCountry "ROU"]
[SourceTitle "EXT 2020"]
[Source "ChessBase"]
[SourceDate "2019.10.17"]
[SourceVersion "1"]
[SourceVersionDate "2019.10.17"]
[SourceQuality "1"]

1. e4 c5 2. Nf3 d6 3. d4 cxd4 4. Nxd4 Nf6 5. Nc3 a6 6. Be3 Ng4 7. Bg5 h6 8. Bh4 g5 9. Bg3 Bg7 10. h4 Nc6 11. Nb3 Be6 12. hxg5 hxg5 13. Rxh8+ Bxh8 14. Qd2 Bxc3 15. Qxc3 Nge5 16. Bxe5 Nxe5 17. Nd4 Bd7 18. 0-0-0 Rc8 19. Qe3 f6 20. Qb3 Bc6 21. Nxc6 bxc6 22. Bxa6 Rb8 23. Qg8+ Kd7 24. Qxd8+ Rxd8 25. Kb1 Ng4 26. Rf1 Rh8 27. Be2 Ne5 28. a4 c5 29. b3 Kc7 30. Kb2 Kb6 31. c3 Nc6 32. Bb5 Na7 33. Be2 Nc6 34. Ka3 Ka5 35. Rb1 Rb8 36. Bb5 Na7 37. b4+ cxb4+ 38. cxb4+ Kb6 39. Bd3 Nc6 40. Rc1 Ne5 41. Be2 1-0